[Event "SCO Open 2018"]
[Site "Xingtai"]
[Date "2018.10.16"]
[Round "3"]
[White "Dai, Changren"]
[Black "Oparin, Grigoriy"]
[Result "1-0"]
[WhiteElo "2433"]
[BlackElo "2624"]
[Annotator "TA"]
[PlyCount "99"]
[EventDate "2018.??.??"]
[EventCountry "CHN"]
[SourceTitle "playchess.com"]
[Source "ChessBase"]
[SourceQuality "1"]

{[%evp 31,99,11,15,11,11,11,11,4,29,11,17,0,23,12,31,29,44,0,73,74,119,129,124,122,247,226,223,225,243,268,270,253,537,535,511,496,421,412,494,477,477,492,466,458,433,451,544,522,561,555,590,586,583,570,573,564,531,518,668,623,897,877,1762,1585,2128,1864,12841,12842,12841,1447]} 1. e4 e5 2. Nf3 Nc6 3. Bb5 a6 4. Ba4 Nf6 5. O-O Be7 6. Re1 b5 7. Bb3 d6 8. c3 O-O 9. h3 Nb8 {[%cal Bc6b8,Bb8d7,Bd7b6][%mdl 32]} 10. d4 Nbd7 11. Nbd2 Bb7 12. Bc2 Re8 13. Nf1 Bf8 14. Ng3 g6 15. a4 Nb6 {C95: Closed Ruy Lopez: Breyer Variation with 10 d4} (15... Bg7 16. Bd3 exd4 17. cxd4 c5 18. axb5 axb5 19. Rxa8 Bxa8 20. dxc5 Nxc5 21. Bxb5 Rf8 22. e5 dxe5 23. Qxd8 Rxd8 24. Nxe5 {½-½ (39) Hou,Y (2658)-Vitiugov,N (2734) Belokurikha 2018}) 16. a5 Nbd7 $1 {LiveBook: 16 Games} 17. Bg5 h6 {The position is equal.} 18. Bd2 c5 19. d5 c4 20. Qc1 Kh7 21. Nh2 Bc8 $146 ({Predecessor:} 21... Nc5 22. Rf1 Bg7 23. f4 exf4 24. Rxf4 {1-0 (54) Hapala,E (2131)-Goessler,M (2190) Vienna 2018}) 22. Be3 Nc5 23. Rf1 Bg7 24. Qd2 Ra7 (24... h5 $11 {keeps the balance.}) 25. f4 $16 exf4 26. Rxf4 Rae7 {[%cal Rf6e4]} 27. Bd4 $1 $36 {[%cal Rd4f6][%mdl 2048] White is on the roll.} Nfxe4 (27... Ng8 $16) 28. Nxe4 $18 Nxe4 29. Bxe4 Rxe4 30. Rxf7 Rg8 31. Qf2 {Threatens to win with Bf6.} Qg5 $2 (31... Re7 {keeps fighting.} 32. Re1 Rxf7 33. Qxf7 Qf8) 32. Rf1 {Bxg7 is the strong threat.} Rxd4 33. Nf3 ({Less strong is} 33. cxd4 Kh8 $16) 33... Qxd5 34. Qxd4 Qc5 ({Not} 34... Qxf7 35. Ng5+ $1 {[%mdl 512]} hxg5 36. Rxf7 $18) 35. Re1 {White is clearly winning.} Kh8 36. Qxc5 dxc5 37. g4 h5 38. gxh5 gxh5 {And now ...Bxc3+ would win.} 39. Kh2 Bf8 {If only Black now had time for ...Bd6+....} 40. Rd1 Be6 41. Rf6 Bc8 42. Rd8 Bg7 43. Rxg8+ Kxg8 {[%mdl 4096] Endgame KRN-KB} 44. Rb6 Kf7 45. Rc6 Bd7 46. Rxa6 b4 47. Rb6 bxc3 48. bxc3 Bxc3 49. a6 Ba5 50. a7 {Precision: White = 76%, Black = 28%.} (50. Ne5+ $142 Ke8 {[#]} 51. a7 $1 {[%mdl 512]} Bxb6 52. a8=Q+ Ke7 53. Qb7) 1-0

[Event "SCO Open 2018"]
[Site "Xingtai"]
[Date "2018.10.16"]
[Round "3"]
[White "Xiang, Zeyu"]
[Black "Tan, Zhongyi"]
[Result "1-0"]
[WhiteElo "2409"]
[BlackElo "2527"]
[Annotator "TA"]
[PlyCount "161"]
[EventDate "2018.??.??"]
[EventCountry "CHN"]
[SourceTitle "playchess.com"]
[Source "ChessBase"]
[SourceQuality "1"]

{[%evp 24,161,11,-49,-50,-52,0,0,0,0,0,0,0,0,0,0,0,0,0,0,65,66,102,99,99,108,108,108,126,130,127,130,134,135,205,197,187,188,225,172,185,163,216,231,247,247,247,235,247,246,246,219,246,225,391,391,391,391,390,390,376,245,245,245,354,0,0,0,373,258,267,333,302,246,254,206,254,254,254,254,167,19,22,0,7,7,73,73,167,167,758,732,832,786,671,576,391,382,6617,5189,4594,1632,29965,29969,29969,29970,29970,29971,29971,29972,29979,29973,29976,29977,29977,29977,29978,29979,29989,29981,29980,29976,29976,29977,29977,29977,29990,29991,29992,29993,29993,29991,29996,29995,29995,29996,29996,29997,29997,29998]} 1. d4 Nf6 2. c4 e6 3. Nc3 Bb4 4. Qc2 O-O 5. a3 Bxc3+ 6. Qxc3 d5 7. Nf3 dxc4 8. Qxc4 b6 9. Bg5 {E36: Nimzo-Indian: Classical: 4...d5 5 a3} Ba6 10. Qa4 c5 (10... Qd7 11. Qc2 c5 12. Bxf6 gxf6 13. Rd1 Qe7 14. g3 Bb7 15. Bg2 Rd8 16. O-O Nd7 {½-½ (30) Mamedyarov,S (2808)-Caruana,F (2816) Paris 2018}) 11. dxc5 bxc5 12. Rd1 Qb6 13. Rd2 {[#] LiveBook: 7 Games} ({Better is} 13. Bxf6 $11 gxf6 14. Qg4+ Kh8 15. Rd2) 13... Nbd7 $146 {[%cal Bb8d7,Bd7f6,Bf6d5][%mdl 32]} ({Predecessor:} 13... Nc6 14. Bxf6 gxf6 15. Qg4+ Kh8 16. Qh4 Kg7 17. Qg4+ Kh8 18. Qh4 Kg7 19. Qg4+ Kh8 {½-½ (19) Zakhartsov,V (2430)-Zakhartsov,V (2539) Dresden 2017}) 14. e3 Bxf1 ({Black should play} 14... c4 $15 15. Bxf6 (15. Bxc4 Bxc4 16. Qxc4 Rfc8 $15) 15... Nxf6) 15. Kxf1 $11 {[#]} c4 $1 {[%mdl 512]} 16. Bxf6 (16. Qxc4 Rac8) 16... Nxf6 17. Ke2 $1 Rac8 {Hoping for ...c3.} 18. Rc1 a5 19. Rdc2 Qa6 {Strongly threatening ...Nd5.} 20. Ke1 {[%cal Rc2c4]} Nd5 21. Nd4 e5 (21... Qd6 $11) 22. Qb5 $14 Qg6 {Threatens to win with ...Nxe3.} 23. Nf5 Qxf5 (23... Qxg2 $2 24. Qxd5 $1 {[%mdl 512]} Qg1+ 25. Ke2 $18) 24. Qxd5 Qg6 25. g3 Qh5 26. h4 Rcd8 27. Qe4 (27. Qxc4 $6 Qf3 $14) 27... Rfe8 28. Kf1 (28. Qxc4 $6 Qf3 $14) 28... f5 (28... g6 $16 29. Kg2 (29. Rxc4 Rd2 $14) (29. Qxc4 Qf3 $16) 29... Kg7 30. Rxc4 (30. Qxc4 e4 $16) 30... Qe2) 29. Qxc4+ $18 Kh8 30. Kg2 e4 31. Qe2 Qxe2 32. Rxe2 {[%mdl 4096] Endgame KRR-KRR} Rd5 (32... g6 {might work better.} 33. b4 axb4) 33. Rec2 h5 34. Rc5 Red8 35. Kf1 g6 36. Rxd5 Rxd5 {KR-KR} 37. Ke2 Kg7 38. b4 Rd3 $2 (38... Rb5 39. Rb1 Kf6) 39. Rc7+ Kh6 40. bxa5 Rxa3 41. Ra7 Ra2+ 42. Kf1 Ra1+ 43. Kg2 Ra2 (43... Rb1 {was called for.} 44. a6 Ra1) 44. Kf1 Ra1+ 45. Ke2 (45. Kg2 Ra4 $18) 45... Ra2+ 46. Ke1 ({Weaker is} 46. Kf1 Ra1+ $18) 46... Ra1+ 47. Kd2 Ra2+ 48. Kc3 Rxf2 49. Rc7 Re2 50. a6 Rxe3+ 51. Kb2 ({Don't do} 51. Kb4 $6 Re2 $18) 51... Rd3 {[#]} 52. a7 (52. Rc8 $1 $18 Rd2+ 53. Kb3 Rd3+ 54. Kb4) 52... Rd8 $11 53. Rc3 Ra8 54. Ra3 g5 (54... Kg7 $11 {keeps the balance.}) 55. Ra6+ $16 Kg7 56. hxg5 h4 $2 (56... Kf7 57. Kc3 Ke7) 57. gxh4 $18 f4 58. Kc2 f3 59. Kd2 {Black must now prevent Ke3.} f2 60. Ke2 e3 $2 (60... Rf8 61. Ra1 Kg6) 61. h5 {[%cal Bh4h5,Bh5h6][%mdl 32]} Kg8 62. Ra1 (62. Ra3 $142 Kg7 63. Kf1) 62... Kh8 63. h6 {White mates.} Kh7 64. Kxe3 f1=Q 65. Rxf1 Rxa7 66. Rf6 Ra5 67. Kf4 Ra1 68. Rf7+ Kg8 69. Re7 Ra4+ 70. Kf5 Ra5+ 71. Re5 Ra1 72. Re6 Kh7 73. Re7+ Kg8 74. Kf6 Ra6+ 75. Re6 Ra8 76. g6 Rb8 77. Re5 Ra8 78. Kg5 Kf8 79. h7 {[%cal Rh7h8]} Kg7 80. Re7+ Kh8 81. Kh6 {Precision: White = 71%, Black = 52%.} 1-0

[Event "SCO Open 2018"]
[Site "Xingtai"]
[Date "2018.10.16"]
[Round "3"]
[White "Zou, Chen"]
[Black "Li, Di"]
[Result "0-1"]
[WhiteElo "2386"]
[BlackElo "2467"]
[Annotator "TA"]
[PlyCount "120"]
[EventDate "2018.??.??"]
[EventCountry "CHN"]
[SourceTitle "playchess.com"]
[Source "ChessBase"]
[SourceQuality "1"]

{[%evp 28,120,0,0,0,0,0,0,12,0,0,0,0,0,0,0,0,-19,0,0,0,0,0,0,0,0,0,0,0,0,0,0,0,0,4,16,0,-126,-136,-143,-115,-149,-125,-168,-163,-132,-154,-141,-150,-237,-213,-206,-175,-230,-170,-186,-186,-186,-186,-186,-186,-186,-186,-186,-186,-364,-362,-357,-316,-316,-223,-506,-383,-887,-878,-721,-670,-749,-749,-737,-743,-737,-735,-625,-595,-29984,-29985,-29985,-29986,-29988,-29989,-29989,-29986,-29990,-29991]} 1. e4 e5 2. Nf3 Nf6 3. Nxe5 d6 4. Nf3 Nxe4 5. d4 d5 6. Bd3 Be7 7. O-O Nc6 8. c4 Nb4 9. Be2 O-O 10. Nc3 Bf5 11. a3 Nxc3 12. bxc3 Nc6 13. Re1 Re8 14. Ra2 {C42: Petroff Defence: 3 Nxe5 and unusual White 3rd moves} Bf6 15. Rb2 {LiveBook: 4 Games} b6 16. Bf4 {The position is equal.} Na5 17. cxd5 Qxd5 18. Ne5 Bxe5 19. Bf3 Qd7 20. Bxe5 {[#]} c6 $146 ({Predecessor:} 20... Nc4 21. Rbe2 c6 {½-½ (31) Alekseev,E (2679)-Kramnik,V (2772) Dortmund 2007}) 21. Rbe2 Bg4 22. Re4 Bf5 23. R4e2 Be6 24. Qc1 {And now Qg5 would win.} f6 25. Bg3 Bd5 26. Bg4 Qf7 27. h4 Nc4 28. a4 a5 29. Qb1 g6 30. Bf4 f5 31. Rxe8+ Rxe8 32. Bh3 (32. Be2 $11 Qe6 33. f3) 32... Rxe1+ $17 33. Qxe1 Qe6 $36 {[%mdl 2048] Keeping White busy.} 34. Qc1 h5 35. Bh6 b5 36. axb5 cxb5 37. Qf4 Nd6 38. Qc1 {[#]} (38. Qg3 $17 {might work better.}) 38... Nf7 $1 $19 39. Bf4 Qe7 40. Qb1 (40. Qe3 $142 Qxe3 41. Bxe3) 40... Qe2 ({Less strong is} 40... Qxh4 41. Bg3 $15) 41. Be3 Nd6 42. Qc1 Nc4 43. Bh6 Qe7 44. Qf4 Kh7 45. Bg5 {[#]} Qd6 $1 {[%cal Rd6f4] Threatens to win with ...Qxf4.} 46. Qc1 $2 (46. g3 {was necessary.}) 46... a4 {[%cal Ba5a4,Ba4a3,Ba3a2][%mdl 32]} 47. Qb1 Qd7 48. g3 a3 49. Bf1 $2 (49. Bg2) 49... Nd6 50. Qb4 $2 (50. Qa1 Qa7 51. Bc1) 50... a2 51. Qa3 Qe6 {...Nf7 is the strong threat.} 52. Qa7+ Nf7 53. c4 bxc4 {[%cal Bb5c4,Bc4c3,Bc3c2][%mdl 32]} 54. Qxa2 Qe4 {[%csl Gd5][%cal Re4h1]} 55. f3 Qxf3 56. Qh2 Nxg5 {Black mates.} 57. hxg5 c3 58. g4 Qe3+ 59. Qf2 Qxf2+ 60. Kxf2 c2 {Precision: White = 54%, Black = 95%.} 0-1

[Event "SCO Open 2018"]
[Site "Xingtai"]
[Date "2018.10.16"]
[Round "3"]
[White "Xu, Minghui"]
[Black "Liu, Yan"]
[Result "1/2-1/2"]
[WhiteElo "2335"]
[BlackElo "2506"]
[Annotator "TA"]
[PlyCount "66"]
[EventDate "2018.??.??"]
[EventCountry "CHN"]
[SourceTitle "playchess.com"]
[Source "ChessBase"]
[SourceQuality "1"]

{[%evp 20,66,37,27,25,23,33,21,20,28,27,25,32,16,43,38,44,23,63,52,47,64,65,42,54,53,45,0,0,0,0,0,0,0,0,0,0,-2,0,0,0,0,0,0,0,0,0,0,0]} 1. d4 Nf6 2. c4 e6 3. g3 Bb4+ 4. Bd2 c5 5. Bxb4 cxb4 6. Bg2 a5 {E00: Catalan Bogo-Indian (3 g3 Bb4+)} (6... O-O 7. Nf3 d6 8. O-O Nc6 9. a3 Qb6 10. axb4 Nxb4 11. Nc3 Bd7 12. e4 Rfd8 13. Qe2 h6 14. Rad1 Rac8 15. Rfe1 a5 16. e5 dxe5 17. Nxe5 Nc6 {½-½ (94) Kuzubov,Y (2663)-Fedorchuk,S (2637) Brest 2018}) 7. e3 O-O 8. Ne2 d6 9. O-O Na6 10. a3 Rb8 11. axb4 {LiveBook: 3 Games} Nxb4 12. Na3 b6 13. Nc2 $146 ({Predecessor:} 13. Nc3 Qe7 14. Nc2 Nxc2 15. Qxc2 {0-1 (33) Langrock,H (2391)-Genov,P (2435) Hamburg 2018}) 13... Nxc2 14. Qxc2 Ba6 15. Rfc1 Rc8 16. b3 Nd5 17. Nc3 Nb4 18. Qd2 Qe7 19. Na2 Nxa2 20. Rxa2 Rc7 21. Rac2 Rfc8 22. h4 h6 23. b4 Rxc4 {The position is equal.} 24. Rxc4 Rxc4 25. Rxc4 Bxc4 26. bxa5 bxa5 27. Qxa5 d5 28. Bf1 Bxf1 29. Kxf1 Qb7 30. Qd8+ Kh7 31. Qf8 Qb1+ 32. Kg2 Qe4+ 33. Kg1 Qf3 {Precision: White = 66%, Black = 65%.} 1/2-1/2

[Event "SCO Open 2018"]
[Site "Xingtai"]
[Date "2018.10.17"]
[Round "4"]
[White "Zvjaginsev, Vadim"]
[Black "Zhao, Yuanhe"]
[Result "1-0"]
[WhiteElo "2644"]
[BlackElo "2389"]
[Annotator "TA"]
[PlyCount "122"]
[EventDate "2018.??.??"]
[EventCountry "CHN"]
[SourceTitle "playchess.com"]
[Source "ChessBase"]
[SourceQuality "1"]

{[%evp 16,122,43,18,6,0,0,0,0,-9,11,13,12,7,6,8,10,14,12,22,29,22,20,0,0,2,7,5,16,16,22,16,16,19,28,21,31,23,44,28,34,16,36,25,25,24,26,25,51,8,8,8,8,9,9,9,12,0,0,0,12,10,10,9,17,13,22,0,26,26,26,26,26,27,314,314,314,292,246,171,751,751,751,743,696,714,751,751,706,37,41,0,564,519,751,751,1525,420,327,126,464,447,420,17,29939,29939,12835,12818,29986]} 1. c4 c6 2. e4 d5 3. exd5 cxd5 4. cxd5 Nf6 5. Nc3 Nxd5 6. Nf3 Nc6 7. Bb5 Nxc3 8. bxc3 Qd5 {B10: Caro-Kann: 2 d3 and 2 c4} (8... g6 9. O-O Bg7 10. Re1 O-O 11. Ba3 Re8 12. d4 Bd7 13. Rb1 Rc8 14. Ng5 h6 15. Ne4 Na5 16. Bd3 b6 {0-1 (44) Liu,G (2366)-Ni,H (2681) China 2016}) 9. Qa4 {LiveBook: 3 Games} a6 10. Rb1 {[%cal Ba1b1,Bb1b7,Bb7a7][%mdl 32]} Bf5 {The position is equal.} 11. d3 $146 ({Predecessor:} 11. Bxc6+ bxc6 12. Rb6 Qe4+ 13. Qxe4 Bxe4 14. Ba3 Kd8 15. Ke2 Kc7 16. Bc5 {0-1 (59) Andersen,R (2069)-Pedersen,N (2169) Ballerup 2013}) 11... Rc8 12. Bc4 Qd7 {...b5 is the strong threat.} (12... Qa5 $5 {[%cal Ra5a4]} 13. Qb3 Nd8 $11) 13. Qb3 e6 {Strongly threatening ...b5.} 14. Qxb7 Qxb7 15. Rxb7 Na5 $1 {[%csl LRb7,LRc4]} 16. Ra7 Nxc4 17. dxc4 Bc5 18. Rxa6 O-O 19. Ba3 Bxa3 20. Rxa3 Rxc4 21. O-O Rfc8 22. Rc1 f6 23. Nd2 R4c5 24. c4 e5 25. f3 Be6 26. Kf2 R5c6 27. Ra4 h5 28. Ke3 h4 29. g3 hxg3 30. hxg3 Kh7 31. a3 Kg6 32. Rb4 Ra8 33. Rb3 Rca6 34. Ra1 Rc6 35. Rc3 Rc5 36. Rb3 Rc6 37. Rc3 Rc5 38. g4 Ra7 39. Rd3 Rc6 40. Rc1 Rac7 41. a4 {[%cal Ba3a4,Ba4a5,Ba5a6][%mdl 32]} Bxc4 (41... Ra6 {is interesting.} 42. Ra3 Ra5 43. Nb3 Raa7 44. a5 Bxc4 45. Nd2 Ba6) 42. Nxc4 ({But not} 42. Rxc4 Rxc4 43. Nxc4 Rxc4 $16) 42... Rxc4 43. Rxc4 Rxc4 $11 {[%mdl 4096] Endgame KR-KR} 44. Ra3 {Threatens to win with a5.} Kf7 $2 {[%mdl 8192]} (44... Rc6 $11) 45. a5 $18 Rc7 46. a6 {And now a7 would win.} Ra7 47. Kd3 $1 {aiming for Kc4.} Ke6 $2 (47... Kg6 48. Kc4 f5) 48. Kc4 Kd6 49. Kb5 $1 Kc7 50. Rd3 $1 Ra8 51. Rc3+ Kd7 52. Ra3 $2 (52. Kb6 $18) 52... Kc7 $1 $14 53. Rc3+ $2 {[%mdl 8192]} (53. Kc5 $14 Ra7 54. Ra4) 53... Kd7 $1 $18 54. Rc6 Ra7 {[#]} 55. g5 $1 {[%mdl 512]} Rc7 (55... fxg5 56. Rg6) 56. Rb6 (56. Rc4 $142 fxg5 57. Ra4) 56... fxg5 {[#]} 57. Rb8 $1 ({Not} 57. Rg6 Kc8 $11) 57... Kd6 $2 {[%mdl 8192] [#]} (57... e4 $16 {is tougher.}) 58. Rd8+ $1 Ke7 59. Rg8 $2 ({White should play} 59. Rd3 $18) 59... Kf7 $2 {[%mdl 8192]} (59... Kd6 $11) 60. Rb8 Ke6 61. Kb6 Kd7 {Precision: White = 60%, Black = 46%.} 1-0

[Event "SCO Open 2018"]
[Site "Xingtai"]
[Date "2018.10.17"]
[Round "4"]
[White "Xu, Yi"]
[Black "Changren, Dai"]
[Result "1/2-1/2"]
[WhiteElo "2536"]
[BlackElo "2433"]
[Annotator "TA"]
[PlyCount "113"]
[EventDate "2018.??.??"]
[EventCountry "CHN"]
[SourceTitle "playchess.com"]
[Source "ChessBase"]
[SourceQuality "1"]

{[%evp 23,113,28,30,-17,-15,-25,-14,-4,0,-58,-58,-51,-51,-68,-69,-86,-96,-85,-49,-67,-72,-69,-71,-65,-39,-49,-38,-64,-53,-53,-53,-53,-53,-53,-53,-58,-51,-51,-51,-51,-51,-51,-51,-51,-37,-51,-51,-51,-51,-51,-51,-51,-51,-52,-52,-52,-52,-52,0,0,0,-51,-37,-52,-37,-53,-53,-53,-53,-53,-53,-53,-53,-53,-53,-53,-53,-53,-53,-53,-53,-53,-53,-53,-48,-106,-95,-95,-95,-95,-95,-95]} 1. e4 e5 2. Nf3 Nc6 3. Bb5 {[%cal Bf1b5,Bb5a4,Ba4b3][%mdl 32]} a6 4. Ba4 Nf6 5. O-O b5 6. Bb3 Be7 7. Re1 O-O 8. d4 d6 9. c3 Bg4 10. Be3 d5 11. exd5 exd4 12. Bxd4 Nxd4 {LiveBook: 34 Games. C91: Closed Ruy Lopez: 7...d6 8 c3 0-0 9 d4} 13. Qxd4 (13. cxd4 Re8 14. h3 Bxf3 15. Qxf3 Bd6 16. Nc3 Rxe1+ 17. Rxe1 g6 18. a4 Rb8 19. axb5 axb5 20. Ne4 Nxe4 21. Qxe4 Qf6 {½-½ (21) Stevic,H (2614)-Brkic,A (2564) Otocac 2010}) 13... Bxf3 $1 14. gxf3 Bd6 {Black has an edge.} 15. Nd2 Qd7 16. Ne4 (16. Qh4 $1 $11) 16... Nxe4 $15 17. Rxe4 Rae8 $146 ({Predecessor:} 17... Qh3 18. Rh4 Qxf3 19. Qe4 Qxe4 20. Rxe4 {½-½ (28) Colas Longares,R (2320)-Cabrera Moreno,D (2160) Zaragoza 1999}) 18. Kg2 Rxe4 19. Qxe4 Re8 20. Qg4 Qe7 {[%mdl 1024] Black has strong compensation.} 21. Rd1 g6 22. f4 Qe4+ 23. Qf3 Qf5 24. h3 Kg7 25. c4 b4 26. Ba4 Re7 27. a3 a5 {[%cal Ba6a5,Ba5b4][%mdl 32]} 28. axb4 axb4 29. Rd2 Qf6 30. b3 Re1 {[#] White must now prevent ...Qa1.} 31. Rd1 $1 {[%cal Rd1e1]} Rxd1 32. Qxd1 Qxf4 {And now ...Qh2+ would win.} 33. Qf3 Qg5+ 34. Kf1 Bc5 35. Be8 Qe7 36. Bc6 Qe5 37. Kg2 f5 38. Qg3 Qe4+ 39. Qf3 Qe1 40. Qf4 Kf6 41. Qh4+ $1 Kg7 42. Qf4 Qe7 43. Kf1 Kf6 44. Qh4+ Ke5 $1 45. Qxe7+ Bxe7 {[%mdl 4096] Endgame KB-KB} 46. Kg2 Kd4 47. Ba4 Kd3 48. f3 g5 49. Bd7 Kc3 50. Ba4 h5 51. Kf2 Kd2 52. Bd7 Bc5+ 53. Kg2 f4 54. d6 (54. h4 $15 gxh4 55. Ba4) 54... cxd6 {Black is better.} 55. Be8 Be3 56. Bc6 Kd3 57. Be8 {Precision: White = 64%, Black = 78%.} 1/2-1/2

[Event "SCO Open 2018"]
[Site "Xingtai"]
[Date "2018.10.17"]
[Round "4"]
[White "Yan, Liu"]
[Black "Xiang, Zeyu"]
[Result "1/2-1/2"]
[WhiteElo "2506"]
[BlackElo "2409"]
[Annotator "TA"]
[PlyCount "130"]
[EventDate "2018.??.??"]
[EventCountry "CHN"]
[SourceTitle "playchess.com"]
[Source "ChessBase"]
[SourceQuality "1"]

{[%evp 19,130,20,18,10,17,17,17,19,26,25,26,29,36,26,31,28,28,28,29,27,25,30,28,26,59,30,41,31,26,23,15,15,62,64,81,15,35,8,1,0,0,0,0,0,0,0,0,0,0,0,5,0,0,0,0,0,0,0,23,23,54,23,23,23,23,23,23,23,75,75,72,65,59,67,74,0,0,0,0,0,45,59,80,83,83,80,74,63,47,14,135,144,89,80,99,85,83,8,8,0,8,0,0,0,0,0,0,0,7,7,8,8,16]} 1. Nf3 d5 2. e3 c5 3. b3 Nc6 4. Bb5 Bd7 5. Bb2 Nf6 6. O-O a6 {A06: Zukertort-Eröffnung} 7. Bxc6 Bxc6 8. Ne5 Rc8 9. c4 e6 10. Nxc6 (10. d3 Be7 11. Nd2 O-O 12. f4 Nd7 13. Nxc6 Rxc6 {1-0 (33) Karjakin,S (2773)-Duda,J (2737) chess.com INT 2018}) 10... Rxc6 {LiveBook: 5 Partien} 11. Bxf6 Qxf6 12. cxd5 exd5 13. Nc3 Qf5 14. d4 $146 Bd6 15. dxc5 Rxc5 16. Qd4 Qe5 17. Qxe5+ Bxe5 18. Na4 Ra5 19. Rac1 Ke7 20. Rfd1 Rd8 21. Kf1 Rb5 22. Ke2 (22. f4 $5 {[%cal Rf4e5]} Bf6 23. h3 $14) 22... Ke6 23. g3 Bd6 24. Rd3 Ra5 25. Rc2 Rd7 26. Nb6 Rd8 {[#]} 27. f4 ({Besser ist} 27. a4 $1 $16) 27... f5 28. Kf3 Rc5 29. Rdc3 Rxc3 30. Rxc3 $11 {[%mdl 4096] Endspiel KTL-KTS} Bb8 31. Na4 Bd6 32. Nb6 Bb8 33. Na4 Bd6 34. Ke2 Rb8 35. Kd3 Be7 36. h3 h5 37. Rc2 Kd6 38. b4 Ra8 39. Nb6 Re8 $1 40. Nc8+ Kd7 $1 41. Nxe7 Rxe7 {KT-KT} 42. Rc5 Kd6 43. Rc8 Re6 (43... Re4 $1 $11 {bleibt in der Remisbreite.}) 44. Rh8 g6 45. Rg8 Kc6 46. a4 b6 47. Rg7 (47. h4 $16) 47... a5 $1 48. b5+ Kc5 49. Rc7+ Kd6 50. Rc3 Kd7 51. Kd4 Re4+ 52. Kxd5 Rxa4 {...Tb4 ist eine echte Drohung.} 53. Rc6 Ra3 54. Rxb6 Rd3+ (54... Rxe3 $11 55. Rxg6 a4) 55. Kc5 $16 Rxe3 56. Rxg6 a4 {[%cal Ba5a4,Ba4a3][%mdl 32]} 57. Rg7+ Kc8 {[#]} 58. Rg8+ ({Günstiger ist} 58. Ra7 $1 $16) 58... Kb7 $11 {Die Stellung ist ausgeglichen.} 59. Rg7+ Kb8 60. b6 a3 61. h4 Re1 62. Ra7 Ra1 {Droht stark ...a2.} 63. Kb4 a2 {Und weiter mit ...Tb1+ wäre nett.} 64. Kb3 {Schwarz muss nun Tg7 beachten.} Rg1 65. Kxa2 {Und Tg7 würde nun gewinnen.} Rxg3 {Precision: Weiß = 61%, Schwarz = 69%.} 1/2-1/2

[Event "SCO Open 2018"]
[Site "Xingtai"]
[Date "2018.10.17"]
[Round "4"]
[White "Li, Di"]
[Black "Zhou, Jianchao"]
[Result "1/2-1/2"]
[WhiteElo "2467"]
[BlackElo "2625"]
[Annotator "TA"]
[PlyCount "69"]
[EventDate "2018.??.??"]
[EventCountry "CHN"]
[SourceTitle "playchess.com"]
[Source "ChessBase"]
[SourceQuality "1"]

{[%evp 18,69,4,-4,0,0,0,0,0,0,0,0,0,0,21,21,15,33,35,22,17,24,20,0,47,52,35,43,39,39,46,48,46,41,45,18,19,0,0,0,0,0,0,0,0,0,0,0,0,0,0,0,0,0]} 1. d4 d5 2. c4 e6 3. Nf3 Nf6 4. g3 Bb4+ 5. Bd2 Be7 6. Bg2 O-O 7. O-O Nbd7 8. Qc2 c6 9. a4 {E11: Bogo-Indian} (9. Bf4 b6 10. cxd5 cxd5 11. Rc1 Bb7 12. Qb3 Rc8 13. Rxc8 Qxc8 14. Nc3 Nh5 15. Bg5 Bxg5 16. Nxg5 Nhf6 17. e3 Qb8 18. Bf1 Rc8 {½-½ (56) So,W (2788)-Karjakin,S (2760) London 2017}) 9... a5 10. Rc1 {LiveBook: 26 Games} Re8 11. Bf4 $146 ({Predecessor:} 11. Be1 Bd6 12. Nbd2 h6 13. e4 dxe4 14. Nxe4 Nxe4 15. Qxe4 e5 16. Bc3 Nf6 17. Qc2 e4 18. Nd2 Bf5 19. Re1 b5 20. axb5 {½-½ (20) Bates,R (2321)-Wells,P (2424) Crawley 2016}) 11... Nh5 12. Be3 Nhf6 13. Na3 Bd6 14. Rd1 Qe7 15. Rac1 Ne4 16. Ne1 Bxa3 17. Bxe4 dxe4 18. bxa3 e5 19. Qxe4 Qxa3 20. dxe5 Rxe5 21. Qxe5 Nxe5 22. Rd8+ {[#]} Qf8 $1 {[%mdl 512]} 23. Rxf8+ Kxf8 24. Bc5+ Kg8 25. Bd6 Nd7 26. Rb1 b6 {The position is equal.} 27. Nd3 Ba6 28. Ne5 Nxe5 29. Bxe5 Bxc4 30. Rxb6 Bxe2 31. Rxc6 $11 {KRB-KRB} Bd1 32. Rc5 Bxa4 33. Bc3 Bd7 {With the idea ...a4.} 34. Rxa5 Rxa5 35. Bxa5 {Precision: White = 82%, Black = 75%.} 1/2-1/2

[Event "SCO Open 2018"]
[Site "Xingtai"]
[Date "2018.10.17"]
[Round "4"]
[White "Nitin, S.."]
[Black "Lalith Babu M R"]
[Result "0-1"]
[WhiteElo "2461"]
[BlackElo "2518"]
[Annotator "TA"]
[PlyCount "60"]
[EventDate "2018.??.??"]
[EventCountry "CHN"]
[SourceTitle "playchess.com"]
[Source "ChessBase"]
[SourceQuality "1"]

{[%evp 18,60,31,0,29,-31,0,-46,7,-45,3,-156,-177,-204,-200,-213,-169,-141,-159,-174,-108,-135,-84,-92,-83,-103,-110,-103,-112,-514,-478,-458,-177,-435,-414,-1004,-1006,-998,-990,-997,-1000,-865,-892,-29990,-29991]} 1. e4 c6 2. Nc3 d5 3. Nf3 Bg4 4. h3 Bxf3 5. Qxf3 Nf6 6. d3 e6 7. Bd2 Qb6 {B11: Caro-Kann: Two Knights Variation} 8. O-O-O d4 9. Ne2 Na6 (9... c5 10. e5 Nd5 11. Nf4 Nb4 12. Kb1 Nd7 13. Qe4 Nc6 14. Nh5 O-O-O 15. f4 {0-1 (29) Karjakin,S (2760)-Esipenko,A (2564) Riadh 2017}) 10. g4 {LiveBook: 3 Games} Nc7 $146 ({Predecessor:} 10... e5 11. Kb1 Nc5 12. Nc1 a5 13. Qg3 Bd6 14. f4 Nfd7 15. fxe5 Bxe5 {½-½ (27) Nguyen,K (2224)-Breukelman,J (2395) Vlissingen 2017}) 11. Kb1 (11. c3 $11) 11... a5 $15 {[%cal Ba7a5,Ba5a4,Ba4a3][%mdl 32]} 12. Ka1 Nb5 (12... Nd7 $15) 13. Qg3 (13. g5 $11 Nd7 14. h4) 13... Bb4 14. Bc1 $2 (14. c4 $11 Bxd2 15. Rxd2) 14... Qc5 $17 15. Kb1 a4 16. f3 O-O 17. Qf2 a3 {Hoping for ...axb2.} 18. b3 Nd7 ({Black should play} 18... Bc3 $19 19. h4 Nd7) 19. f4 f5 (19... Bc3 $142 $1 20. g5 Ra5) 20. gxf5 exf5 21. Rg1 Nb6 {[%cal Bd7b6,Bb6a4,Ba4c3][%mdl 32]} 22. Bg2 {[#]} Na4 $1 $36 {[%mdl 2560] Black is in control.} 23. Rdf1 $2 {[%mdl 8192]} (23. e5 $17) (23. bxa4 Bc3) 23... Nac3+ $19 24. Nxc3 Nxc3+ ({Not} 24... Bxc3 25. exf5 Bb4 26. Be4 $11) ({Inferior is} 24... Qxc3 25. e5 $11) 25. Ka1 Nxa2 26. Kxa2 (26. c3 $142 Nxc3 27. exf5) 26... Qc3 {( -> ...Qb2+!)} 27. Qd2 {[#]} Qb2+ $1 {[%mdl 512]} 28. Bxb2 axb2+ (28... Bxd2 $2 {loses.} 29. Bxd4 Rfd8 30. c3 $18) 29. Kxb2 Bxd2 30. b4 Ra4 {Precision: White = 43%, Black = 68%.} 0-1